Statystyki dla 15 największych miast strefy czasowej UTC-03:00

Kliknij tutaj aby rozwiązać quiz!

Ogólne statystyki

  • Ten quiz został rozwiązany 6 razy
  • Średni wynik to 8 z 15

Statystyki odpowiedzi

Liczba ludnośćiMiasto% Poprawnych
14 576 300Buenos Aires
83%
6 498 837Rio de Janeiro
83%
12 325 232São Paulo
83%
1 319 108Montevideo
67%
2 675 875Salvador
67%
2 476 249Brasília
50%
2 447 409Fortaleza
50%
1 746 896Kurytyba
50%
1 409 939Porto Alegre
50%
1 536 934Recife
50%
1 380 836Belém
33%
2 375 444Belo Horizonte
33%
1 311 900Córdoba
17%
1 536 097Goiânia
17%
1 108 975São Luís
17%

Rozkład punktacji

Percentyl według liczby udzielonych odpowiedzi

Procent ludzi z każdym wynikiem

Twoja historia wyników

Nie rozwiązałeś tego quizu